POESIA TRADICIONAL DE LOS JUDIOS ESPAÑOLES /

Salvato in:
Dettagli Bibliografici
Autore principale: Alvar, Manuel (autor)
Natura: Libro
Serie:(Sepan Cuántos ; 43)
Soggetti:
Tags: Aggiungi Tag
Nessun Tag, puoi essere il primo ad aggiungerne!!

MARC

LEADER 00000nam^a2200000^a^4500
001 000225621
005 20250521000000.0
009 20260310104135.34
035 |a 044420 
037 |a Acervo Xavier Clavigero 
082 |a 861.  |b ALV 
100 |a Alvar, Manuel  |e (autor) 
245 1 0 |a POESIA TRADICIONAL DE LOS JUDIOS ESPAÑOLES /  |c MANUEL ALVAR 
264 |a MEXICO :  |b PORRUA,  |c 1966 
300 |a 292p. 
336 |a texto  |b txt  |2 rdacontenido 
337 |a sin mediación  |b n  |2 rdamedio 
338 |a volumen  |b nc  |2 rdasoporte 
440 |a (Sepan Cuántos ;  |v 43) 
649 |a XX 
650 |a POESIA ESPAÑOLA -  |x AUTORES JUDIOS 
910 |a Fondo General 
920 |a Impresos - Libros 
930 |a Colección General 
940 |a Literatura 
905 |a 101 
901 |a 044420  |b IT1  |c LIT  |i 044420  |u 20250521 
902 |a https://opac.biblio.iteso.mx/vufind/Record/000225621